Loading...
| Literature - World Literature | 0 | 3 | 0 | 0 | 30 | 84 | 115.00 | 0 | 1 |
| History - World History | 0 | 3 | 0 | 1 | 30 | 139 | 142.67 | 0 | 0 |
| Literature - American Literature | 0 | 2 | 1 | 1 | 15 | 111 | 133.00 | 0 | 0 |
| History - American History | 0 | 1 | 0 | 0 | 10 | 70 | 70.00 | 0 | 0 |
| History - Other History | 0 | 1 | 0 | 0 | 10 | 131 | 131.00 | 0 | 0 |
| Mythology | 0 | 1 | 0 | 1 | 10 | 143 | 143.00 | 0 | 0 |
| Science - Physics | 0 | 1 | 0 | 0 | 10 | 113 | 113.00 | 0 | 0 |
| Fine Arts - Classical Music | 0 | 1 | 0 | 1 | 10 | 133 | 133.00 | 0 | 0 |
| Literature - European Literature | 0 | 1 | 0 | 0 | 10 | 152 | 152.00 | 0 | 0 |
| Fine Arts - Other Fine Arts | 0 | 1 | 0 | 0 | 10 | 137 | 137.00 | 0 | 0 |
| History - European History | 0 | 1 | 1 | 0 | 5 | 126 | 126.00 | 0 | 0 |
| Current Events | 0 | 1 | 1 | 1 | 5 | 132 | 132.00 | 0 | 0 |
| Science - Biology | 0 | 0 | 0 | 0 | 0 | 0.00 | 0 | 0 | |
| Social Science | 0 | 0 | 1 | 0 | -5 | 0.00 | 0 | 0 | |
| Fine Arts - Painting & Sculpture | 0 | 0 | 1 | 0 | -5 | 0.00 | 0 | 0 | |
| Philosophy | 0 | 0 | 1 | 0 | -5 | 0.00 | 0 | 0 | |
| Religion | 0 | 0 | 2 | 0 | -10 | 0.00 | 0 | 0 | |
| Literature - British Literature | 0 | 0 | 2 | 0 | -10 | 0.00 | 0 | 0 |